Central Library || Chittagong University

Islamic philosophy, theory and mysticism (Record no. 81553)

MARC details
000 -LEADER
fixed length control field 00521nam a2200217 454500
001 - CONTROL NUMBER
control field 081553
003 - CONTROL NUMBER IDENTIFIER
control field BD-ChCU
008 - FIXED-LENGTH DATA ELEMENTS--GENERAL INFORMATION
fixed length control field Eng
020 ## - INTERNATIONAL STANDARD BOOK NUMBER
International Standard Book Number 185168252X
040 ## - CATALOGING SOURCE
Original cataloging agency DLC
Transcribing agency DLC
Modifying agency BD-ChCU
082 00 - DEWEY DECIMAL CLASSIFICATION NUMBER
Classification number 181.9/F176i
100 1# - MAIN ENTRY--PERSONAL NAME
Personal name Fakhry, MAjid
Numeration x
245 10 - TITLE STATEMENT
Title Islamic philosophy, theory and mysticism
Remainder of title A short introduction
250 ## - EDITION STATEMENT
Edition statement x
260 ## - PUBLICATION, DISTRIBUTION, ETC.
Place of publication, distribution, etc. England
Name of publisher, distributor, etc. Onworld Oxford
Date of publication, distribution, etc. 1997
300 ## - PHYSICAL DESCRIPTION
Extent 159, X
504 ## - BIBLIOGRAPHY, ETC. NOTE
Bibliography, etc. note Includes
650 #0 - SUBJECT ADDED ENTRY--TOPICAL TERM
Topical term or geographic name entry element Philosophy, Islamic
Topical term following geographic name entry element Islam
700 1# - ADDED ENTRY--PERSONAL NAME
Personal name x
942 ## - ADDED ENTRY ELEMENTS (KOHA)
Source of classification or shelving scheme Dewey Decimal Classification
Koha item type Books
Holdings
Withdrawn status Lost status Source of classification or shelving scheme Damaged status Not for loan Home library Current library Shelving location Date acquired Source of acquisition Total Checkouts Full call number Barcode Date last seen Copy number Price effective from Koha item type Public note Date last checked out
    Dewey Decimal Classification     Chittagong University Library Chittagong University Library General Stacks 06/14/2015 Gift   181.9/F176i 286014 09/13/2015 1 09/13/2015 Books Donated Ahmed FArid  
    Dewey Decimal Classification     Chittagong University Library Chittagong University Library Arts and Humanities Reading Room 04/23/2026 purchase 2 181.9/F176i 343459 04/27/2026 C-2 04/23/2026 Books   04/27/2026
    Dewey Decimal Classification     Chittagong University Library Chittagong University Library Arts and Humanities Reading Room 04/23/2026 purchase   181.9/F176i 343460 04/23/2026 C-3 04/23/2026 Books    
    Dewey Decimal Classification     Chittagong University Library Chittagong University Library Arts and Humanities Reading Room 04/23/2026 purchase   181.9/F176i 343461 04/23/2026 C-4 04/23/2026 Books    
© Copyright 2026. Chittagong University Library, Installation and Maintenance by Prof. Dr. Md. Alamgir, 01711306253